[Event "Aarhus int"]
[Site "Aarhus"]
[Date "1996.??.??"]
[Round "4"]
[White "Ziska, Bogi"]
[Black "Hoiberg, Nina"]
[Result "1/2-1/2"]
[WhiteElo "2240"]
[BlackElo "2290"]

1.d4 Nf6 2.c4 g6 3.Nc3 d5 4.cxd5 Nxd5 5.e4 Nxc3 6.bxc3 Bg7 7.Bc4 O-O 8.Ne2 c5
9.Be3 cxd4 10.cxd4 Qa5+ 11.Qd2 Qxd2+ 12.Kxd2 Nc6 13.Rhd1 Na5 14.Rac1  1/2-1/2

[Event "Aarhus int"]
[Site "Aarhus"]
[Date "1996.??.??"]
[Round "7"]
[White "Johansen, Morten"]
[Black "Jasnikowski, Zbigniew"]
[Result "1/2-1/2"]
[WhiteElo "2195"]
[BlackElo "2435"]

1.d4 Nf6 2.c4 g6 3.Nc3 d5 4.cxd5 Nxd5 5.e4 Nxc3 6.bxc3 Bg7 7.Bc4 c5 8.Ne2 Nc6
9.Be3 O-O 10.Rc1 cxd4 11.cxd4 Qa5+ 12.Kf1 Bg4 13.f3 Bd7 14.h4 Qa3 15.Rc3 Qb2
16.h5 Na5 17.hxg6 hxg6 18.Bc1 Qb6 19.Bd3 Rfc8 20.Rxc8+ Rxc8 21.e5 Nc4 22.Qe1 Nb2
23.Be4 Na4 24.Be3 Bb5 25.Kf2 Bxe2 26.Qxe2 Nc3 27.Qd2 Nxe4+ 28.fxe4 Qc6 29.Rc1 Qxc1
30.Qxc1 Rxc1 31.Bxc1 Kf8 32.a4 Ke8 33.Ke2 Kd7  1/2-1/2

[Event "Andorra"]
[Site "Andorra"]
[Date "1996.??.??"]
[Round "8"]
[White "Kiselev, Sergey"]
[Black "Bernard, Christophe"]
[Result "1-0"]
[WhiteElo "2545"]
[BlackElo "2370"]

1.d4 Nf6 2.c4 g6 3.Nc3 d5 4.cxd5 Nxd5 5.e4 Nxc3 6.bxc3 Bg7 7.Bb5+ c6 8.Ba4 O-O
9.Ne2 b5 10.Bb3 Bb7 11.Be3 a5 12.O-O a4 13.Bc2 Nd7 14.Qc1 c5 15.Bh6 cxd4
16.Bxg7 Kxg7 17.cxd4 b4 18.Rd1 b3 19.Bd3 bxa2 20.Rxa2 Qa5 21.Qe3 Rfc8 22.Rda1 a3
23.h3 e5 24.h4 Kg8 25.h5 Bc6 26.h6 exd4 27.Qxd4 Qe5 28.Rxa3 Rxa3 29.Rxa3 Qxd4
30.Nxd4 Ne5 31.Nxc6 Nxc6 32.f4 Kf8 33.Kf2 Ke7 34.Rb3 Rb8 35.Rxb8 Nxb8 36.Bb5 f6
37.Ke3 g5 38.fxg5 fxg5 39.e5 Ke6 40.Ke4  1-0

[Event "RUS-ch sf"]
[Site "Arkhangelsk"]
[Date "1996.??.??"]
[Round "?"]
[White "Iskusnyh, Sergei"]
[Black "Semeniuk, Alexander A"]
[Result "1-0"]
[WhiteElo "2460"]
[BlackElo "2415"]

1.d4 Nf6 2.c4 g6 3.Nc3 d5 4.cxd5 Nxd5 5.e4 Nxc3 6.bxc3 Bg7 7.Nf3 c5 8.Rb1 O-O
9.Be2 Qa5 10.O-O Qxa2 11.Bg5 Re8 12.Ra1 Qe6 13.d5 Qd6 14.e5 Bxe5 15.Nxe5 Qxe5
16.Qd2 Qd6 17.c4 e5 18.f4 e4 19.h4 f6 20.Bh6 Nc6 21.f5 Nd4 22.fxg6 hxg6 23.Bf4 Qe7
24.Ra3 Kh7 25.Bd1 Bd7 26.Re1 a6 27.Rae3 b5 28.Qa5 f5 29.Rh3 Kg7 30.Ree3 Rh8
31.h5 gxh5 32.Reg3+ Kf8 33.Qb6 Ke8 34.Rxh5 Rf8 35.Rh6  1-0

[Event "Asti op"]
[Site "Asti"]
[Date "1996.??.??"]
[Round "?"]
[White "Arlandi, Ennio"]
[Black "Trumpf, Walter"]
[Result "1-0"]
[WhiteElo "2445"]
[BlackElo "2155"]

1.d4 Nf6 2.c4 g6 3.Nc3 d5 4.cxd5 Nxd5 5.e4 Nxc3 6.bxc3 Bg7 7.Bb5+ c6 8.Ba4 O-O
9.Ne2 c5 10.O-O cxd4 11.cxd4 Bg4 12.f3 Bd7 13.Rb1 Bxa4 14.Qxa4 b6 15.Ba3 Re8
16.Rfc1 Nd7 17.Rc2 a6 18.d5 b5 19.Qb3 Ne5 20.Bb2 e6 21.dxe6 Rxe6 22.Nf4 Qb6+
23.Kh1 Ree8 24.Nd5 Qe6 25.Nc7 Qxb3 26.axb3 Rec8 27.Rbc1 Ra7 28.Nxb5 Rxc2
29.Rxc2 Rd7 30.Rc8+ Bf8 31.Nd4 f6 32.Kg1 Kf7 33.Kf1 Nd3 34.Bc3 Bd6 35.g3 Bc5
36.Nc6 Bb6 37.Ba5 Bxa5 38.Nxa5 Ne5 39.Ke2 h5 40.f4 Nd3 41.Rc6 h4 42.Rc3 hxg3
43.hxg3 Nb4 44.Rc4 Nd3 45.Nc6 g5 46.Rc3 Rd6 47.e5 fxe5 48.fxe5 Nxe5 49.Nxe5+ Ke6
50.Nf3 g4 51.Nd2 Kf5 52.Rc5+ Kg6 53.Rg5+  1-0

[Event "AUT-chT2O 9697"]
[Site "Austria"]
[Date "1996.??.??"]
[Round "?"]
[White "Polak, Tomas"]
[Black "Banas, Jan"]
[Result "1/2-1/2"]
[WhiteElo "2440"]
[BlackElo "2370"]

1.d4 Nf6 2.c4 g6 3.Nc3 d5 4.cxd5 Nxd5 5.e4 Nxc3 6.bxc3 Bg7 7.Nf3 c5 8.Rb1 O-O
9.Be2 b6 10.O-O Bb7 11.Qd3 Ba6 12.Qe3 e6 13.Rd1 cxd4 14.cxd4 Bxe2 15.Qxe2 Qd7
16.Bf4 Qa4 17.Bd6 Rd8 18.e5 Qd7 19.Qe4 Nc6 20.Qh4 h6 21.Nd2 Na5 22.Ne4 Nc4
23.Rb3 Nxd6 24.Nxd6 Qc6 25.h3  1/2-1/2

[Event "AUT-chT2S 9697"]
[Site "Austria"]
[Date "1996.??.??"]
[Round "2"]
[White "Kwatschewsky, Leo"]
[Black "Klocker, Hartmut"]
[Result "1-0"]
[WhiteElo "2250"]
[BlackElo "2195"]

1.d4 Nf6 2.c4 g6 3.Nc3 d5 4.cxd5 Nxd5 5.e4 Nxc3 6.bxc3 Bg7 7.Nf3 c5 8.Rb1 cxd4
9.cxd4 Qa5+ 10.Qd2 Qxd2+ 11.Bxd2 O-O 12.Bc4 e6 13.O-O Rd8 14.d5 exd5 15.Bxd5 Nd7
16.Ng5 Ne5 17.f4 Ng4 18.Bxf7+ Kh8 19.Bd5  1-0

[Event "AUT-chT2S 9697"]
[Site "Austria"]
[Date "1996.??.??"]
[Round "3"]
[White "Pichler, P."]
[Black "Feichter, Clemens"]
[Result "1/2-1/2"]
[WhiteElo "1965"]
[BlackElo "2035"]

1.d4 Nf6 2.c4 g6 3.Nc3 d5 4.cxd5 Nxd5 5.e4 Nxc3 6.bxc3 Bg7 7.Bc4 O-O 8.Ne2 c5
9.O-O Nc6 10.Be3 Qc7 11.dxc5 Ne5 12.Qb3 Ng4 13.Bf4 Qxc5 14.Rad1 Ne5 15.Bxe5 Qxe5
16.f3 Qc7 17.Rd3 Bd7 18.Rfd1 Rad8 19.Nd4 Rc8 20.Bb5 Bxb5 21.Nxb5 Qc5+ 22.Kh1 a6
23.Nd4 b5 24.a4 Rb8 25.axb5 axb5 26.Qd5 Qxd5 27.exd5 Bxd4 28.Rxd4 Rbc8 29.Rb4 Rc5
30.Rdb1 Rxd5 31.Rxb5 Rd3 32.c4 Rc8 33.Rb7 e6 34.h3 Rxc4 35.Ra1 Rd8 36.Raa7 Rf4
37.Kh2 h5 38.Kg3 Rf5 39.h4 Kg7 40.Re7 Kf8 41.Rab7 Re8 42.Rxe8+ Kxe8 43.Ra7 Rd5
44.Kf4 Rd7 45.Ra4 f6 46.g4 hxg4 47.Kxg4 e5 48.Ra6 Ke7 49.Rb6 Rd6 50.Rb5 Ke6
51.Rb3 Rd4+ 52.Kg3 Kf5 53.Ra3 g5 54.hxg5 Kxg5 55.Rb3 Rd2 56.Re3 Rd5 57.Ra3 f5
58.Rb3 Rd2 59.Ra3 f4+ 60.Kh3 Re2 61.Ra5 Re3 62.Kg2 Kh4 63.Ra2 e4 64.fxe4 Kg4
65.Kf2 Rh3 66.Kg1 f3 67.Rh2 Rxh2 68.Kxh2 Kf4 69.Kg1 Ke3 70.Kf1  1/2-1/2

[Event "AUT-chT2S 9697"]
[Site "Austria"]
[Date "1996.??.??"]
[Round "11"]
[White "Perhinig, Robert"]
[Black "Wittmann, Walter"]
[Result "0-1"]
[WhiteElo "2185"]
[BlackElo "2370"]

1.d4 Nf6 2.c4 g6 3.Nc3 d5 4.cxd5 Nxd5 5.e4 Nxc3 6.bxc3 Bg7 7.Nf3 c5 8.Rb1 O-O
9.Be2 Nd7 10.O-O Nf6 11.e5 Nd5 12.Qd2 cxd4 13.cxd4 b6 14.Ba3 Bb7 15.Rbc1 Qd7
16.Bb2 Rac8 17.a3 Rxc1 18.Rxc1 Rc8 19.Ne1 Rxc1 20.Qxc1 Qf5 21.Bd3 Qh5 22.Bc3 Nxc3
23.Qxc3 Qd1 24.f4 Bh6 25.g3 e6 26.Kf2 Bf8 27.Bc2 Qc1 28.a4 a5 29.Qe3 Qb2
30.Qd3 Bc6 31.Qc4 Bd5 32.Qd3 Bb4 33.Nf3 Bc3 34.Ke3 Bc6 35.Qd1 Qb4 36.Ng5 b5
37.axb5 Bxb5 38.Ne4 a4 39.Nc5 Bxd4+ 40.Qxd4 Qe1+ 41.Kf3 Qe2+  0-1

[Event "AUT-chT9596"]
[Site "?"]
[Date "1996.??.??"]
[Round "?"]
[White "Liedl, Wolfgang"]
[Black "Watzka, Horst"]
[Result "0-1"]
[WhiteElo "2210"]
[BlackElo "2340"]

1.d4 Nf6 2.c4 g6 3.Nc3 d5 4.cxd5 Nxd5 5.e4 Nxc3 6.bxc3 Bg7 7.Be3 O-O 8.Qd2 c5
9.Nf3 Qa5 10.Rc1 Nd7 11.Bh6 Nf6 12.Bxg7 Kxg7 13.Bd3 Rd8 14.d5 c4 15.Bxc4 Nxe4
16.Qf4 Nf6 17.Ne5 Qc5 18.O-O b5 19.Bb3 Bb7 20.c4 bxc4 21.Rxc4 Qxd5 22.f3 Re8
23.Rfc1 Qa5 24.Kh1 Rac8 25.Rxc8 Rxc8 26.Nxf7 Rxc1+ 27.Qxc1 Bd5 28.Ng5 Bxb3
29.axb3 Qd5 30.b4 h6 31.Nh3 g5 32.Qe1 Kf7 33.Nf2 Qd4 34.Ne4 Nxe4 35.fxe4 Ke6
36.h4 g4 37.Qe2 h5 38.Qa6+ Ke5 39.Qb5+ Kf4 40.Qf1+ Kg3 41.b5 Qf2 42.Qd3+ Kxh4
43.Qb1 Qe2 44.Kh2 g3+ 45.Kh1 Kg4 46.e5 Qxe5 47.b6 axb6 48.Qg6+ Kh4 49.Qb1 Qf4
50.Qd1 Kg5 51.Qd5+ Kf6 52.Qc6+ e6 53.Qc3+ Qe5 54.Qf3+ Kg7 55.Qd1 Qf6 56.Qd7+ Kh6
57.Qd2+ Kg7 58.Qd7+ Qf7 59.Qd4+ Kh7 60.Qd3+ Qg6 61.Qd7+ Kg8 62.Qd8+ Kf7 63.Qc7+ Kf6
64.Qf4+ Kg7 65.Qc7+ Kh6 66.Qf4+ Qg5 67.Qf8+ Kg6 68.Qe8+ Kf5 69.Qf7+ Ke5 70.Qc7+ Kd5
71.Qb7+ Kc5 72.Qc7+ Kb5 73.Qd7+ Ka6 74.Qc8+ Kb5 75.Qd7+ Kb4 76.Qd4+ Ka5 77.Qc3+ Kb5
78.Qb3+ Ka6 79.Qa4+ Qa5 80.Qc4+ Kb7 81.Qf1 Qf5 82.Qd1 Qd5 83.Qa1 e5 84.Qa4 h4
85.Qg4 Qd3  0-1

[Event "Balatonbereny op"]
[Site "Balatonbereny"]
[Date "1996.??.??"]
[Round "4"]
[White "Gladyszev, Oleg"]
[Black "Tobor, Detlef"]
[Result "1-0"]
[WhiteElo "2325"]
[BlackElo "2165"]

1.d4 Nf6 2.c4 g6 3.Nc3 d5 4.cxd5 Nxd5 5.e4 Nxc3 6.bxc3 Bg7 7.Nf3 O-O 8.Be2 c5
9.O-O cxd4 10.cxd4 Nc6 11.Be3 b6 12.d5 Na5 13.Bd4 Bxd4 14.Qxd4 Bg4 15.e5 Bxf3
16.Bxf3 Rc8 17.Rac1 Nb7 18.Rxc8 Qxc8 19.d6 exd6 20.Bxb7 Qxb7 21.exd6 Qd7
22.h3 Rd8 23.Rd1 h5 24.f4 Kh7 25.Kh2 b5 26.Qf6 Re8 27.f5 Re2 28.Rd5 a6 29.Rc5 Kg8
30.fxg6 Re6 31.Rc8+  1-0

[Event "Barbera op"]
[Site "Barbera"]
[Date "1996.??.??"]
[Round "6"]
[White "Estremera Panos, Sergio"]
[Black "Alvarez Ibarra, D Rafael"]
[Result "1/2-1/2"]
[WhiteElo "2345"]
[BlackElo "2435"]

1.d4 Nf6 2.c4 g6 3.Nc3 d5 4.cxd5 Nxd5 5.e4 Nxc3 6.bxc3 Bg7 7.Nf3 c5 8.Rb1 O-O
9.Be2 Nc6 10.d5 Ne5 11.Nxe5 Bxe5 12.Qd2 e6 13.f4 Bc7 14.dxe6 Bxe6 15.Rxb7 Bb6
16.Qxd8 Raxd8 17.Be3 Bxa2 18.Kf2 Rfe8 19.Ra1 Bb3 20.Ra3 Bc2 21.Bc4 Bxe4 22.Bxf7+ Kf8
23.Rbxa7 Ra8 24.Rxa8 Rxa8 25.Rxa8+ Bxa8 26.Bc4 Kg7 27.Be2 Be4 28.Bf3 Bd3
29.Bd5 h5 30.h3 Kf6 31.g4 hxg4 32.hxg4 Ke7 33.Kf3 Bc2 34.Be4 Bd1+ 35.Kg3 Kf7
36.Bf3 Bb3 37.f5 gxf5 38.gxf5 Ba5 39.Bd2 Bc2 40.Bg4 c4 41.Kf4 Bc7+ 42.Ke3 Ke7
43.Ke2  1/2-1/2

[Event "Foment Martinenc op"]
[Site "Barcelona"]
[Date "1996.??.??"]
[Round "3"]
[White "Gual Pascual, Antonio"]
[Black "Fluvia Frigola, Joan"]
[Result "1/2-1/2"]
[WhiteElo "2430"]
[BlackElo "2220"]

1.d4 Nf6 2.c4 g6 3.Nc3 d5 4.cxd5 Nxd5 5.e4 Nxc3 6.bxc3 Bg7 7.Nf3 c5 8.Rb1 O-O
9.Be2 Bg4 10.O-O Bxf3 11.Bxf3 cxd4 12.cxd4 Bxd4 13.Rxb7 Nc6 14.Qa4 Rc8 15.Ba3 Re8
16.Be2 Qa5 17.Bb5 Qxa4 18.Bxa4 Red8 19.Bxe7 Nxe7 20.Rxe7 Bc5 21.Rb7 Bb6 22.Bb3 Rc7
23.Rxc7 Bxc7 24.Rc1 Bb6 25.Rc6 Kg7 26.e5 Re8 27.Rf6 Rxe5 28.Rxf7+ Kh6 29.g4 Kg5
30.Kg2 Rc5 31.f4+ Kh4 32.g5 Rc7 33.Rxc7 Bxc7 34.Kf3 Ba5 35.Bg8 h6 36.gxh6 Bc3
37.Ke4 Kh5 38.h7 Kh6 39.Kf3 Kg7 40.Kg4 Bf6 41.h4 Bc3 42.a4 a5 43.h5 gxh5+
44.Kxh5 Bf6 45.Kg4 Kg6 46.f5+ Kh6 47.Kf4 Bb2 48.Ke4 Kg7 49.Kd5 Bc3 50.Ke6 Bb2
51.Ke7 Bf6+ 52.Ke8 Bc3  1/2-1/2

[Event "Barcelona"]
[Site "Barcelona"]
[Date "1996.??.??"]
[Round "3"]
[White "Campos Moreno, Javier B"]
[Black "Vehi Bach, Victor Manuel"]
[Result "1/2-1/2"]
[WhiteElo "2475"]
[BlackElo "2390"]

1.d4 Nf6 2.c4 g6 3.Nc3 d5 4.cxd5 Nxd5 5.e4 Nxc3 6.bxc3 Bg7 7.Bc4 O-O 8.Ne2 Nc6
9.O-O b6 10.Bg5 Bb7 11.Qd2 Na5 12.Bd3 c5 13.d5 Qd7 14.Rad1 e6 15.c4 Ba6 16.Qc1 e5
17.Bd2 Qa4 18.Nc3 Qd7 19.Nb1 Qa4 20.Na3 Nb7 21.Bc2 Qd7 22.Bh6 Nd6 23.Bxg7 Kxg7
24.Bd3 Rae8 25.Rde1 f6 26.Qc3 Re7 27.Re3 Qe8 28.Rfe1 Kg8 29.Nb1 Qa4 30.Nd2 Rfe8
31.a3 Rc8 32.h3 Kg7 33.Kh2 Rce8 34.Qc1 Rf8 35.Kg1 Kg8 36.Qc3 Kg7 37.Bc2 Qd7
38.a4 Rb8 39.Bd3 Bc8 40.Ra1 a5 41.Nf1 Qe8 42.Ng3 Bd7 43.Bc2 Rf7 44.Bd1 Kf8
45.Qc2 Ke7 46.Bg4 Kd8 47.Bxd7 Kxd7 48.Rb1 Kc7 49.Ne2 Kb7 50.Reb3 Ka6 51.Nc3 Qd8
52.Qd2 Rf8 53.Qe2 Qe7 54.Nb5 Nxb5 55.Rxb5 Qd6 56.R1b3 f5 57.exf5 gxf5 58.Re3 Rbe8
59.f3 Re7 60.Rb1 Rfe8 61.Qb2 Ka7 62.Rbe1 h5 63.R1e2 h4 64.Qb1 f4 65.Re4 Qf6
66.Kf1 Qd6 67.Ke1 Qf6 68.Kd2 Qd6 69.Kc3 Qf6 70.Kb3 Qd6 71.Rd2 Rd8 72.Re1 Qf6
73.Re4 Ka6 74.Qd3 Rd6 75.Re1 Kb7 76.Ka3 Ka6 77.Red1 Ka7 78.Qc3 Ka6 79.Rb1 Rd8
80.Rdb2 Rb8 81.Qd3 Rd7 82.Rb5 Rbb7 83.R1b2 Ka7 84.Rd2 Rb8 85.Rb1 Rbd8 86.Qc3 Qd6
87.Re2 Re7 88.Qe1 Qf6 89.Reb2 Rb8 90.Rb5 Rbb7 91.R1b2 Red7 92.Rd2 Rb8 93.Re2 Re7
94.Qf2 Rc7 95.Rb1 Re7 96.Qe1 Rbb7 97.Rbb2 Rb8 98.Rb3 Rbb7 99.Rd2 Red7 100.Rbd3 Rd6
101.Qa1 Re7 102.Qc3 Rb7 103.Rd1 Re7 104.R3d2 Ka6 105.Qb2 Ka7 106.Qb5 Red7
107.Qb1 Re7 108.Qb2 Ka6 109.Rd3 Ka7 110.Rb3 Rb7 111.Re1 Re7 112.Qc3 Rd8 113.Rb2 Qd6
114.Re4 Qf6 115.Rd2 Qd6  1/2-1/2

[Event "Regionalliga SO9596"]
[Site "Bayern"]
[Date "1996.??.??"]
[Round "?"]
[White "Lipok, Erik"]
[Black "Donegani, Peter"]
[Result "1/2-1/2"]
[WhiteElo "2015"]
[BlackElo "2055"]

1.c4 Nf6 2.Nc3 d5 3.d4 g6 4.cxd5 Nxd5 5.e4 Nxc3 6.bxc3 Bg7 7.Bc4 c5 8.Ne2 Nc6
9.Be3 O-O 10.O-O Bg4 11.f3 Na5 12.Bxf7+ Rxf7 13.fxg4 Rxf1+ 14.Kxf1 cxd4 15.cxd4 e5
16.d5 Nc4 17.Bf2 Qf6 18.Kg1 Rf8 19.Bc5 Rc8 20.Bf2 Rf8  1/2-1/2

[Event "Regionalliga NW9596"]
[Site "Bayern"]
[Date "1996.??.??"]
[Round "?"]
[White "Tschanter, Kai"]
[Black "Karl, Winfried"]
[Result "1/2-1/2"]
[WhiteElo "1980"]
[BlackElo "1915"]

1.d4 Nf6 2.c4 g6 3.Nc3 d5 4.cxd5 Nxd5 5.e4 Nxc3 6.bxc3 Bg7 7.Bc4 c5 8.Be3 O-O
9.Ne2 Nc6 10.O-O Qc7 11.Qc1 Rd8 12.Rd1 Na5 13.Bd3 b6 14.Rb1 c4 15.Bc2 Bb7
16.Bh6 e6 17.Bxg7 Kxg7 18.Qg5 h6 19.Qh4 Rd7 20.e5 Qd8 21.Qg4 Qg5 22.Qxg5 hxg5
23.Ng3 Bd5 24.Re1 Rc8 25.Nf1 Nc6 26.Ba4 Rdc7 27.Bxc6 Bxc6 28.Ne3 Rb8 29.Ng4 Rcb7
30.Rec1 b5 31.a3 a5 32.Ne3 Bd5 33.f3 Rh8  1/2-1/2

[Event "Regionalliga NO9596"]
[Site "Bayern"]
[Date "1996.??.??"]
[Round "?"]
[White "Stephan, Eberhard"]
[Black "Grafl, Reinhard"]
[Result "1-0"]
[WhiteElo "1990"]
[BlackElo "1880"]

1.d4 Nf6 2.c4 g6 3.Nc3 d5 4.cxd5 Nxd5 5.e4 Nxc3 6.bxc3 Bg7 7.Be3 O-O 8.Rc1 c5
9.Nf3 Qa5 10.Qd2 Rd8 11.d5 Nc6 12.Bd3 c4 13.Bxc4 e6 14.Bg5 Rd6 15.Qf4 Bxc3+
16.Kf1 e5 17.Qh4 Qb4 18.Bd3 Bb2 19.Re1 Qc3 20.Be2 Nb4 21.Qh6 f6 22.Bd2 Qc5
23.h4 Nc2 24.Rb1 Bd4 25.h5 g5 26.Nxd4 Nxd4 27.Rc1 Qb6 28.Bxg5 Nxe2 29.Kxe2 Bd7
30.Be3 Bb5+ 31.Kf3 Qd8 32.Rh3 Kh8 33.Rg3 Qf8 34.Rc7 Rd7 35.Qxf8+ Rxf8 36.Rxd7 Bxd7
37.Bh6 Rg8 38.Be3 a6 39.Bc5 Rxg3+ 40.Kxg3 Kg7 41.f4 Be8 42.fxe5 fxe5 43.Kg4 Kf6
44.Bb6 Bd7+ 45.Kh4 h6 46.Bd8+ Kf7 47.Bc7 Kf6 48.Bd6 Ba4 49.Bf8 Bc2 50.Bxh6 Bxe4
51.Bg5+ Kf7 52.d6 Ke6 53.g4 Kxd6 54.Bc1 Ke6 55.Kg5 Bb1 56.Kh6 Kf7 57.a3 b5
58.g5 a5 59.g6+ Kg8 60.Kg5 b4 61.axb4 axb4 62.h6 b3 63.Bb2 Bxg6 64.Kxg6 Kh8
65.Bxe5+  1-0

[Event "Regionalliga NO9596"]
[Site "Bayern"]
[Date "1996.??.??"]
[Round "?"]
[White "Cipra, Lothar"]
[Black "Oravecz, Imre"]
[Result "1/2-1/2"]
[WhiteElo "2005"]
[BlackElo "1970"]

1.d4 Nf6 2.c4 g6 3.Nc3 d5 4.cxd5 Nxd5 5.e4 Nxc3 6.bxc3 Bg7 7.Bc4 O-O 8.Ne2 c5
9.O-O cxd4 10.cxd4 Nc6 11.Be3 Na5 12.Bd3 Be6 13.Qa4 a6 14.Rac1 b5 15.Qc2 Rc8
16.Qb1 Bc4 17.Rfd1 Bxd3 18.Qxd3 Nc4 19.Qb3 Nxe3 20.Qxe3 Qa5 21.Qb3 Rxc1 22.Rxc1 Qd2
23.Qc2 Qxc2 24.Rxc2 Rb8 25.f4 e6 26.Kf2 a5 27.Ke3 b4 28.Nc1 Bf8 29.Nb3 a4
30.Nc5 Rc8 31.Kd3 Bxc5 32.dxc5 b3 33.axb3 axb3 34.Rb2 Rxc5 35.Rxb3 Kg7 36.g3  1/2-1/2

[Event "Regionalliga SO9697"]
[Site "Bayern"]
[Date "1996.??.??"]
[Round "?"]
[White "Deues, Erik"]
[Black "Lipok, Erik"]
[Result "1-0"]
[WhiteElo "1960"]
[BlackElo "2025"]

1.d4 Nf6 2.c4 g6 3.Nc3 d5 4.cxd5 Nxd5 5.e4 Nxc3 6.bxc3 Bg7 7.Bc4 c5 8.Ne2 Nc6
9.Be3 cxd4 10.cxd4 Qa5+ 11.Bd2 Qh5 12.d5 Ne5 13.Bb5+ Bd7 14.Bxd7+ Nxd7 15.Rc1 O-O
16.O-O Rfc8 17.f3 Qe5 18.Bc3 Qd6 19.Bxg7 Kxg7 20.Qd4+ Qe5 21.Kf2 Qxd4+ 22.Nxd4 Ne5
23.Ke2 Rc4 24.Rxc4 Nxc4 25.Rb1 Na5 26.Rc1 Kf8 27.Rc7 Ke8 28.Kd3 Kd8 29.d6 e5
30.Rxf7 Ke8 31.Re7+ Kf8 32.Ne6+ Kg8 33.d7  1-0

[Event "Regionalliga SW9697"]
[Site "Bayern"]
[Date "1996.??.??"]
[Round "?"]
[White "Matevzic, Christian"]
[Black "Schuele, Herbert"]
[Result "1-0"]
[WhiteElo "2150"]
[BlackElo "2005"]

1.d4 Nf6 2.c4 g6 3.Nc3 d5 4.cxd5 Nxd5 5.e4 Nxc3 6.bxc3 Bg7 7.Bc4 c5 8.Ne2 O-O
9.O-O Nc6 10.Be3 cxd4 11.cxd4 Bg4 12.f3 Bd7 13.Rb1 b6 14.Qd2 Na5 15.Ba6 Bc8
16.Bd3 Bb7 17.Rfd1 Qd7 18.Qb4 Rac8 19.d5 Rfd8 20.Nd4 Ba8 21.Nb5 Rb8 22.Rbc1 Rdc8
23.Bf4 Rb7 24.Rxc8+ Qxc8 25.Nxa7 Qc5+ 26.Qxc5 bxc5 27.Nc6 Nxc6 28.dxc6 Rb6
29.c7 Bd4+ 30.Kf1 Bb7 31.Ke2 e5 32.Bd2 Rc6 33.Ba5 c4 34.Bc2 Ba6 35.Rb1 Kg7
36.Rb8 Rc5 37.Ra8 Bb7 38.Bb6 Rxc7 39.Bxc7 Bxa8 40.Ba4 f5 41.exf5 gxf5 42.Bd7 Kg6
43.Be6 c3 44.Kd3 Kg5 45.Ba5 Kf4 46.Bxc3 Bxc3 47.Kxc3 e4 48.fxe4 fxe4 49.Bg8 h6
50.Bc4 Ke3 51.a4 Kf2 52.g4 Kf3 53.h3 Kg3 54.Bf1 Kf2 55.Bc4 Kg3 56.Kd4 Kxh3
57.Be2 Kg3 58.Ke3 Bb7 59.a5 Ba8 60.a6 Bc6 61.a7 Bb7 62.Bd1  1-0

[Event "Beersheba"]
[Site "Beersheba"]
[Date "1996.??.??"]
[Round "2"]
[White "Tunik, Gennady"]
[Black "Mikhalevski, Victor"]
[Result "0-1"]
[WhiteElo "2475"]
[BlackElo "2495"]

1.d4 Nf6 2.c4 g6 3.Nc3 d5 4.cxd5 Nxd5 5.e4 Nxc3 6.bxc3 Bg7 7.Qa4+ c6 8.Nf3 O-O
9.Be3 Nd7 10.Be2 e5 11.O-O Qc7 12.Qc2 c5 13.Rac1 b6 14.h3 Bb7 15.d5 Nf6 16.Nd2 Ne8
17.c4 Nd6 18.Bd3 f5 19.exf5 gxf5 20.f3 Rf7 21.Rce1 Raf8 22.Kh1 Bc8 23.Bg1 Qd8
24.Bh2 Qh4 25.f4 e4 26.Be2 Kh8 27.Bd1 Rg8 28.Re2 Bd7 29.Rfe1 Bd4 30.Nf1 Rfg7
31.Ne3 b5 32.Rg1 a6 33.Qc1 bxc4 34.Rf1 c3 35.a4 Rb8 36.Nc2 Nc4 37.Bg1 Qf6
38.Ne3 Nd2 39.Rxd2 cxd2 40.Qxd2 Rb2 41.Qc1 Rg3 42.Rf2 Rxe3 43.Rxb2 Re1 44.Rb8+ Kg7  0-1

[Event "Lee Cup"]
[Site "Beijing"]
[Date "1996.??.??"]
[Round "3"]
[White "Xu Jun"]
[Black "Yin Hao"]
[Result "0-1"]
[WhiteElo "2505"]
[BlackElo "2320"]

1.d4 Nf6 2.c4 g6 3.Nc3 d5 4.cxd5 Nxd5 5.e4 Nxc3 6.bxc3 Bg7 7.Nf3 c5 8.Rb1 O-O
9.Be2 Nc6 10.d5 Ne5 11.Nxe5 Bxe5 12.Qd2 e6 13.f4 Bc7 14.O-O exd5 15.exd5 Ba5
16.Ba3 b6 17.Rbd1 Qd6 18.Rfe1 Bd7 19.Bf3 Rae8 20.g3 Qf6 21.Bb2 c4 22.Rxe8 Rxe8
23.Re1 Rxe1+ 24.Qxe1 b5 25.Qe5 Qb6+ 26.Kg2 Qc5 27.Bc1 Bb6 28.Qe1 h5 29.f5 Bxf5
30.Qe8+ Qf8 31.Qxb5 Qc8 32.h4 Bd7 33.Qb4 Bh3+ 34.Kh2 Bf1 35.Bg2 Bxg2 36.Kxg2 Qf5
37.Qb2 Qe4+ 38.Kh2 Qe1 39.Bf4 Qg1+ 40.Kh3 Bf2 41.Qc1 Be1 42.Qc2 Qh1+ 43.Qh2 Qxd5  0-1

[Event "Lee Cup"]
[Site "Beijing"]
[Date "1996.??.??"]
[Round "4"]
[White "Ulibin, Mikhail"]
[Black "Lin Weiguo"]
[Result "1/2-1/2"]
[WhiteElo "2550"]
[BlackElo "2425"]

1.d4 Nf6 2.c4 g6 3.Nc3 d5 4.cxd5 Nxd5 5.e4 Nxc3 6.bxc3 Bg7 7.Bb5+ c6 8.Ba4 b5
9.Bb3 O-O 10.Ne2 a5 11.a4 b4 12.Be3 bxc3 13.Rc1 Na6 14.Nxc3 Nb4 15.Bc4 Ra7
16.e5 c5 17.Bb5 Bb7 18.O-O cxd4 19.Qxd4 Qxd4 20.Bxd4 Raa8 21.f4 f6 22.exf6 Bxf6
23.Ne2 Ba6 24.Bxa6 Rxa6 25.Rfd1 Re6 26.Bxf6 Rxe2 27.Be5 Ra2 28.Rd7 Kf7 29.Re1 Re8
30.Bd6 Nc6 31.Rc7 Rxa4 32.Bc5 Nd4 33.Rexe7+ Rxe7 34.Rxe7+ Kf6 35.Rxh7 Ne2+
36.Kf2 Nxf4 37.Kf3 Ne6 38.Be7+ Ke5 39.g4 Rc4 40.Rh8 Rc3+ 41.Ke2 Kf4 42.Kd2 Rc6
43.Ra8 Nc5 44.g5 Kg4 45.Kc3 Ra6 46.Rxa6 Nxa6 47.Kc4 Nc7 48.Bd8 Ne6 49.Bxa5 Nxg5
50.Kd5  1/2-1/2

[Event "Lee Cup"]
[Site "Beijing"]
[Date "1996.??.??"]
[Round "6"]
[White "Wang Yaoyao"]
[Black "Yin Hao"]
[Result "1-0"]
[WhiteElo "2410"]
[BlackElo "2320"]

1.d4 Nf6 2.c4 g6 3.Nc3 d5 4.cxd5 Nxd5 5.e4 Nxc3 6.bxc3 Bg7 7.Nf3 O-O 8.Be2 c5
9.Rb1 Nc6 10.d5 Ne5 11.Nxe5 Bxe5 12.Qd2 e6 13.f4 Bc7 14.O-O exd5 15.exd5 Ba5
16.Rb3 b6 17.f5 Bxf5 18.Rxf5 gxf5 19.Qf4 c4 20.Bxc4 Rc8 21.Bd3 Qxd5 22.Qg5+ Kh8
23.Qf6+ Kg8 24.Bh6 Qc5+ 25.Kh1 Bxc3 26.Rxc3  1-0

[Event "Lee Cup"]
[Site "Beijing"]
[Date "1996.??.??"]
[Round "11"]
[White "Wang Yaoyao"]
[Black "Atalik, Suat"]
[Result "0-1"]
[WhiteElo "2410"]
[BlackElo "2525"]

1.d4 Nf6 2.c4 g6 3.Nc3 d5 4.cxd5 Nxd5 5.e4 Nxc3 6.bxc3 Bg7 7.Be3 c5 8.Qd2 Qa5
9.Rb1 b6 10.Bb5+ Bd7 11.Bxd7+ Nxd7 12.Ne2 O-O 13.O-O Rfd8 14.Bg5 cxd4 15.cxd4 Qxd2
16.Bxd2 Nc5 17.e5 Ne6 18.Be3 Rd7 19.Rbc1 Rad8 20.Rc6 Rc7 21.Rfc1 Rxc6 22.Rxc6 Bxe5
23.g3 Nxd4 24.Bxd4 Bxd4 25.Rc7 Bc5 26.Rxa7 Rd2 27.Kf1 e5 28.g4 Kg7 29.g5 Rc2
30.f3 Rc4 31.Ng3 Rc1+ 32.Ke2 Rc3 33.Ne4 Re3+ 34.Kd2 Rxf3 35.a4 Bb4+ 36.Ke2 Rf4
37.Kd3 h6 38.Rb7 Ba5  0-1

[Event "Belgrade"]
[Site "Belgrade"]
[Date "1996.??.??"]
[Round "4"]
[White "Salov, Valery"]
[Black "Leko, Peter"]
[Result "1-0"]
[WhiteElo "2670"]
[BlackElo "2625"]

1.d4 Nf6 2.c4 g6 3.Nc3 d5 4.cxd5 Nxd5 5.e4 Nxc3 6.bxc3 Bg7 7.Bb5+ Bd7 8.Be2 c5
9.Nf3 cxd4 10.cxd4 Bc6 11.Qd3 O-O 12.O-O e6 13.Bg5 Qd6 14.Qe3 Nd7 15.Rac1 Rfe8
16.Rfe1 Rac8 17.h4 Qf8 18.Bf1 h6 19.Bf4 Nf6 20.Be5 Red8 21.Qf4 Qe7 22.Rc3 Nh5
23.Qe3 Nf6 24.Qf4 Nh5 25.Qc1 Bxe5 26.dxe5 Kh7 27.Qe3 b6 28.Rec1 Bb7 29.Rxc8 Rxc8
30.Rxc8 Bxc8 31.g3 Ng7 32.Nd2 Ne8 33.Qd4 Qd7 34.Qb4 Kg7 35.Bb5 Qd8 36.Bxe8 Qxe8
37.Nc4 Qc6 38.Nd6 Qc1+ 39.Kh2 Bd7 40.Qb3 f5 41.exf6+ Kxf6 42.Qf3+ Ke5 43.Nf7+ Kd4
44.Qf6+ Kxe4 45.Qxg6+ Kd4 46.Qg7+ Ke4 47.Nd6+ Kf3 48.Qxd7 Kxf2 49.Qf7+  1-0

[Event "Benasque op"]
[Site "Benasque"]
[Date "1996.??.??"]
[Round "8"]
[White "Kiselev, Sergey"]
[Black "Berebora, Ferenc"]
[Result "1-0"]
[WhiteElo "2545"]
[BlackElo "2400"]

1.d4 Nf6 2.c4 g6 3.Nc3 d5 4.cxd5 Nxd5 5.e4 Nxc3 6.bxc3 Bg7 7.Bb5+ Bd7 8.Be2 O-O
9.Nf3 Nc6 10.O-O e5 11.d5 Na5 12.Ba3 Re8 13.Bb4 c6 14.c4 cxd5 15.cxd5 Rc8
16.Rc1 Rxc1 17.Qxc1 b5 18.Qa3 Nc4 19.Qxa7 Bg4 20.Qa6 Bxf3 21.Bxf3 Qd7 22.a4 Rb8
23.Be2 Bh6 24.Ra1 Bd2 25.Bxd2 Nxd2 26.Bxb5 Qg4 27.Qa7 Rc8 28.Qe3 Rc2 29.Qd3 Ra2
30.Re1 f5 31.exf5 e4 32.Qg3 Qxf5 33.d6  1-0

[Event "Berliner Sommer"]
[Site "Berlin"]
[Date "1996.??.??"]
[Round "2"]
[White "Schoen, Wolfram"]
[Black "Held, Peter"]
[Result "1-0"]
[WhiteElo "2420"]
[BlackElo "2190"]

1.d4 Nf6 2.c4 g6 3.Nc3 d5 4.cxd5 Nxd5 5.e4 Nxc3 6.bxc3 Bg7 7.Bb5+ Bd7 8.Be2 c5
9.Nf3 O-O 10.Rb1 b6 11.O-O Bg4 12.Be3 Nc6 13.d5 Na5 14.c4 e5 15.Nd2 Bd7 16.f4 Bh6
17.Bd3 Qf6 18.g3 Qe7 19.Qe2 f6 20.f5 Bxe3+ 21.Qxe3 g5 22.g4 Nb7 23.Kf2 Kg7
24.h4 h6 25.Rh1 Rh8 26.Rh2 Rh7 27.Rbh1 Rah8 28.Nf1 Kf8 29.Ng3 Be8 30.Qc1 Nd6
31.Kg2 Kg7 32.Qa3 Qd7 33.Kf2 Qa4 34.Nh5+ Kf7 35.Qxa4 Bxa4 36.Nxf6 Kxf6 37.hxg5+ Kxg5
38.Rh5+ Kf6 39.g5+ Ke7 40.Ke3 Be8 41.g6 Rg7 42.Rxh6 Rxh6 43.Rxh6 a6 44.Rh1 Kf6
45.Rb1 b5 46.Rb3 b4 47.Rb1 a5 48.Rh1 Bd7 49.Rh8 Bc8 50.Rd8 Rd7 51.Rh8 Bb7
52.Kf3 a4 53.Bc2 a3 54.Ba4 Rg7 55.Rd8 Nxc4 56.d6 Kg5 57.d7 Nd2+ 58.Ke2 b3
59.Rh8 Rxd7 60.Bxd7 Nxe4 61.g7 Nf6 62.g8=Q+ Nxg8 63.Rxg8+ Kf6 64.axb3 Bd5
65.Be6 a2 66.Rg1 Be4 67.Ra1 Bb1 68.Ke3 Ke7 69.b4 cxb4 70.Bxa2 Bxf5 71.Bc4  1-0